000 00829nam a22002057a 4500
003 0
005 20250214172204.0
008 250214b xxu||||| |||| 00| 0 eng d
050 _aBF 637.C4
_b.L33 2024
100 _aLacson, Regina Alyssa D.
245 _aImpact of parents' parenting style on the career decision making skills of college students.
_cRegine Alyssa D. Lacson
260 _aLas Pinas City
_bSouthville International School and Colleges
_c2024
300 _axi , 336 pages;
_c28cm.
500 _aBachelor of Science in Psychology
504 _aIncludes bibliographical references and appendices.
650 _aParenting styles—Psychological aspects.
650 _aCareer decision-making—Parenting, Influence of.
650 _aEducational psychology—Decision-making -- Adolescents.
942 _2lcc
_cTH
999 _c367230
_d367230